| 000 | 00472nam a2200157 4500 | ||
|---|---|---|---|
| 082 | _aBSCS-2 ALI | ||
| 100 | _aMOHSIN ALI SHARIF | ||
| 245 | _aFLOOD PREDICTION MODELLING | ||
| 260 |
_a(ISLAMABAD) _bNUST-SEECS _c2016 |
||
| 300 |
_a38p _eCD INCLUDES |
||
| 563 | _aa | ||
| 856 | _uhttp://10.250.8.41:8080/xmlui/handle/123456789/8783 | ||
| 942 |
_2ddc _cTHE |
||
| 999 |
_c173098 _d173098 |
||